1967 steam charts (Record no. 20544)

000 -LEADER
fixed length control field 00500nam a22001931 4500
001 - CONTROL NUMBER
control field 20544
003 - CONTROL NUMBER IDENTIFIER
control field BD-DhUET
008 - FIXED-LENGTH DATA ELEMENTS--GENERAL INFORMATION
fixed length control field 700914s1968 nyua 000 0 eng
020 ## - INTERNATIONAL STANDARD BOOK NUMBER
International Standard Book Number 0713130458
040 ## - CATALOGING SOURCE
Original cataloging agency DLC
Transcribing agency DLC
Modifying agency BD-DhUET
082 ## - DEWEY DECIMAL CLASSIFICATION NUMBER
Classification number 621.101084
Item number ELE/1967
110 ## - MAIN ENTRY--CORPORATE NAME
Corporate name or jurisdiction name as entry element Electrical Research Association
245 10 - TITLE STATEMENT
Title 1967 steam charts
250 ## - EDITION STATEMENT
Edition statement 1st ed.
260 ## - PUBLICATION, DISTRIBUTION, ETC. (IMPRINT)
Place of publication, distribution, etc. London
Name of publisher, distributor, etc. Edward Arnold
Date of publication, distribution, etc. 1967
300 ## - PHYSICAL DESCRIPTION
Extent vii, 64 p. (chiefly illus., part col.)
Dimensions 31 cm.
650 #0 - SUBJECT ADDED ENTRY--TOPICAL TERM
Topical term or geographic name as entry element Steam
942 ## - ADDED ENTRY ELEMENTS (KOHA)
Koha item type Corporate Publication
Holdings
Source of classification or shelving scheme Price effective from Sublocation or collection (holding branch) Koha normalized classification for sorting Not for loan Date acquired Withdrawn status Koha full call number Damaged status Koha date last seen Koha item type Location (home branch) Piece designation (barcode) Shelving location Lost status Copy number
 2015-04-12Central Library, BUET621_101084000000000_ELE_1967 2015-04-12 621.101084/ELE/1967 2015-04-12Corporate PublicationCentral Library, BUET18295Circulation section 1
 2015-04-12Central Library, BUET621_101084000000000_ELE_1967 2015-04-12 621.101084/ELE/1967 2015-04-12Corporate PublicationCentral Library, BUET18293Circulation section 2
 2015-04-12Central Library, BUET621_101084000000000_ELE_1967 2015-04-12 621.101084/ELE/1967 2015-04-12Corporate PublicationCentral Library, BUET13166Circulation section 3
 2015-04-12Central Library, BUET621_101084000000000_ELE_1967 2015-04-12 621.101084/ELE/1967 2015-04-12Corporate PublicationCentral Library, BUET13162Circulation section 4
 2015-04-12Central Library, BUET621_101084000000000_ELE_1967 2015-04-12 621.101084/ELE/1967 2015-04-12Corporate PublicationCentral Library, BUET18297Circulation section 5
 2015-04-12Central Library, BUET621_101084000000000_ELE_1967 2015-04-12 621.101084/ELE/1967 2015-04-12Corporate PublicationCentral Library, BUET18296Circulation section 6
 2015-04-12Central Library, BUET621_101084000000000_ELE_1967 2015-04-12 621.101084/ELE/1967 2015-04-12Corporate PublicationCentral Library, BUET18294Circulation section 7
 2015-04-12Central Library, BUET621_101084000000000_ELE_1967 2015-04-12 621.101084/ELE/1967 2015-04-12Corporate PublicationCentral Library, BUET18300Circulation section 8
 2015-04-12Central Library, BUET621_101084000000000_ELE_1967 2015-04-12 621.101084/ELE/1967 2015-04-12Corporate PublicationCentral Library, BUET13163Circulation section 9
 2015-04-12Central Library, BUET621_101084000000000_ELE_1967 2015-04-12 621.101084/ELE/1967 2015-04-12Corporate PublicationCentral Library, BUET18299Circulation section 10
 2015-04-12Central Library, BUET621_101084000000000_ELE_1967 2015-04-12 621.101084/ELE/1967 2015-04-12Corporate PublicationCentral Library, BUET13165Circulation section 11
 2015-04-12Central Library, BUET621_101084000000000_ELE_1967 2015-04-12 621.101084/ELE/1967 2015-04-12Corporate PublicationCentral Library, BUET18302Circulation section 12
 2015-04-12Central Library, BUET621_101084000000000_ELE_1967 2015-04-12 621.101084/ELE/1967 2015-04-12Corporate PublicationCentral Library, BUET18301Circulation section 13